A brief historical sketch of the "Fighting McCooks".

Saved in:
Bibliographic Details
Main Author: Howe, Henry, 1816-1893.
Corporate Author: Scotch-Irish Society of America.
Format: Book
Language:English
Published: New York, J. Kempster Print. Co., 1903.
Subjects:
Tags: Add Tag
No Tags, Be the first to tag this record!
LEADER 00847nam a2200241I 4500
001 005334710-2
005 20020606095253.2
008 781103r19031890nyu 000 0ceng
010 |a  06003331  
035 0 |a ocm04343954 
040 |a DLC  |c MHS  |d HLS 
050 0 |a CS71.M129  |b 1903 
100 1 |a Howe, Henry,  |d 1816-1893. 
245 1 2 |a A brief historical sketch of the "Fighting McCooks". 
246 3 |a "Fighting McCooks". 
260 |a New York,  |b J. Kempster Print. Co.,  |c 1903. 
300 |a 28 p.  |c 26 cm. 
500 |a Cover title. 
500 |a "Reprinted from the Proceedings of the Scotch-Irish Society of America [v.6, p.161-171." Also published in Howe's Historical collections of Ohio, v.1, Columbus, 1890, p.365-370. 
600 3 0 |a McCook family. 
710 2 |a Scotch-Irish Society of America.  |t Proceedings. 
988 |a 20020608 
906 |0 DLC